[Event "Paracin op"]
[Site "Paracin"]
[Date "2009.08.23"]
[Round "5"]
[White "Dimitrijevic, Radmilo"]
[Black "Grkovic, Milan"]
[Result "1-0"]
[WhiteElo "2228"]
[BlackElo "2137"]
[PlyCount "83"]
[EventDate "2009.08.19"]
[EventType "swiss"]
[EventRounds "9"]
[EventCountry "YUG"]
[SourceTitle "CBM 132 Extra"]
[Source "ChessBase"]
[SourceDate "2009.11.03"]
[SourceVersion "1"]
[SourceVersionDate "2009.11.03"]
[SourceQuality "1"]

1. e4 g6 2. d4 c5 3. Nf3 Bg7 4. Nc3 cxd4 5. Nxd4 Nc6 6. Be3 d6 7. Qd2 Nf6 8. f3 Bd7 9. 0-0-0 Rc8 10. Kb1 Ne5 11. g4 a6 12. g5 Nh5 13. f4 Nc4 14. Bxc4 Rxc4 15. f5 Be5 16. b3 Rc5 17. Nd5 e6 18. fxe6 fxe6 19. Nf3 Bg7 20. Bxc5 dxc5 21. Nb6 0-0 22. Nxd7 Rxf3 23. Nf6+ Bxf6 24. Qxd8+ Bxd8 25. Rxd8+ Rf8 26. Rhd1 Nf4 27. Rxf8+ Kxf8 28. Rd7 Nh3 29. Rxb7 Nxg5 30. Rb6 Ke7 31. e5 h5 32. Rxa6 Nf3 33. Ra7+ Kd8 34. a4 g5 35. Rg7 g4 36. a5 Kc8 37. a6 Kb8 38. Kb2 Nxh2 39. Ka3 Nf1 40. Ka4 Ne3 41. Ka5 h4 42. a7+ 1-0

[Event "Paracin op"]
[Site "Paracin"]
[Date "2009.08.23"]
[Round "6"]
[White "Grkovic, Milan"]
[Black "Zajic, Milan"]
[Result "1-0"]
[WhiteElo "2137"]
[BlackElo "1933"]
[PlyCount "75"]
[EventDate "2009.08.19"]
[EventType "swiss"]
[EventRounds "9"]
[EventCountry "YUG"]
[SourceTitle "CBM 132 Extra"]
[Source "ChessBase"]
[SourceDate "2009.11.03"]
[SourceVersion "1"]
[SourceVersionDate "2009.11.03"]
[SourceQuality "1"]

1. d4 d5 2. c4 c6 3. Nc3 Nf6 4. Nf3 dxc4 5. a4 Bf5 6. Ne5 Nbd7 7. Nxc4 Nb6 8. Ne5 a5 9. f3 Nfd7 10. Nd3 e6 11. e4 Bg6 12. Nf4 Bb4 13. h4 h6 14. Nxg6 fxg6 15. Qd3 Qe7 16. Be3 0-0-0 17. 0-0-0 Kb8 18. Kb1 e5 19. d5 cxd5 20. Nxd5 Nxd5 21. exd5 Nc5 22. Qc2 Qd6 23. Bb5 Rc8 24. Qf2 Nb3 25. f4 e4 26. f5 Ka8 27. Bf4 Qf6 28. Qe3 Qxf5 29. Rhf1 Nc5 30. d6 Nd7 31. Bxh6 Qe6 32. Bg5 Bc5 33. Bxd7 Qxd7 34. Qxe4 Rc6 35. Qe7 Qg4 36. Be3 Bxd6 37. Rxd6 Rxd6 38. Rf8+ 1-0

[Event "Paracin op"]
[Site "Paracin"]
[Date "2009.08.20"]
[Round "2"]
[White "Grkovic, Milan"]
[Black "Stojkovska, Monika"]
[Result "1-0"]
[WhiteElo "2137"]
[BlackElo "1889"]
[PlyCount "93"]
[EventDate "2009.08.19"]
[EventType "swiss"]
[EventRounds "9"]
[EventCountry "YUG"]
[SourceTitle "CBM 132 Extra"]
[Source "ChessBase"]
[SourceDate "2009.11.03"]
[SourceVersion "1"]
[SourceVersionDate "2009.11.03"]
[SourceQuality "1"]

1. d4 Nf6 2. c4 e6 3. Nf3 b6 4. Nc3 Bb4 5. Qc2 Bb7 6. a3 Bxc3+ 7. Qxc3 Ne4 8. Qc2 d6 9. g3 f5 10. Bg2 Nf6 11. 0-0 0-0 12. b3 Nbd7 13. Bb2 Qe8 14. Rfe1 Qh5 15. Rad1 f4 16. h3 e5 17. dxe5 dxe5 18. g4 Qe8 19. e4 h6 20. b4 a5 21. c5 bxc5 22. bxc5 Bc6 23. Bf1 Qe7 24. Qc4+ Kh7 25. Rc1 Rfe8 26. Ba1 Rab8 27. Qa6 Bxe4 28. Rxe4 Nxe4 29. Bd3 Kh8 30. Bxe4 Nxc5 31. Qe2 Nb3 32. Rd1 Nxa1 33. Rxa1 Rb3 34. Qc4 Reb8 35. Qd5 R3b5 36. Qc4 Rb3 37. Bc2 Rxf3 38. Qe4 g5 39. Qxf3 Rb2 40. Qe4 Rb8 41. Rd1 Re8 42. Qf5 Rf8 43. Qg6 Qg7 44. Qe4 Re8 45. Rd5 c6 46. Rd6 Rc8 47. Re6 1-0